Principles of electromechanical-energy conversion (Record no. 23169)

000 -LEADER
fixed length control field 00596nam a22002051 4500
001 - CONTROL NUMBER
control field 23169
003 - CONTROL NUMBER IDENTIFIER
control field BD-DhUET
008 - FIXED-LENGTH DATA ELEMENTS--GENERAL INFORMATION
fixed length control field 730301s1966 xx 000 0 eng
040 ## - CATALOGING SOURCE
Original cataloging agency DLC
Transcribing agency DLC
Modifying agency BD-DhUET
082 ## - DEWEY DECIMAL CLASSIFICATION NUMBER
Classification number 623.13
Item number MEI/1966
100 ## - MAIN ENTRY--PERSONAL NAME
Personal name Meisel, Jerome
245 10 - TITLE STATEMENT
Title Principles of electromechanical-energy conversion
250 ## - EDITION STATEMENT
Edition statement 1st ed.
260 ## - PUBLICATION, DISTRIBUTION, ETC. (IMPRINT)
Place of publication, distribution, etc. New York
Name of publisher, distributor, etc. McGraw-Hill
Date of publication, distribution, etc. 1966
300 ## - PHYSICAL DESCRIPTION
Extent xvii, 639p.
Other physical details ill.
490 ## - SERIES STATEMENT
Series statement McGraw-Hill electrical and electronic engineering series
504 ## - BIBLIOGRAPHY, ETC. NOTE
Bibliography, etc Includes bibliographies
650 #0 - SUBJECT ADDED ENTRY--TOPICAL TERM
Topical term or geographic name as entry element Mechinery: Electrical engineering
942 ## - ADDED ENTRY ELEMENTS (KOHA)
Koha item type General Book
Holdings
Date acquired Piece designation (barcode) Not for loan Koha normalized classification for sorting Koha full call number Shelving location Damaged status Withdrawn status Price effective from Sublocation or collection (holding branch) Lost status Copy number Source of classification or shelving scheme Location (home branch) Koha date last seen Koha item type
2015-05-0311878 623_130000000000000_MEI_1968623.13/MEI/1968Circulation section  2015-05-03Central Library, BUET 1 Central Library, BUET2015-05-03General Book
2015-05-0311877 623_130000000000000_MEI_1966623.13/MEI/1966Circulation section  2015-05-03Central Library, BUET 2 Central Library, BUET2015-05-03General Book
2015-05-0311875 623_130000000000000_MEI_1966623.13/MEI/1966Circulation section  2015-05-03Central Library, BUET 3 Central Library, BUET2015-05-03General Book
2015-05-0311438 623_130000000000000_MEI_1966623.13/MEI/1966Circulation section  2015-05-03Central Library, BUET 4 Central Library, BUET2015-05-03General Book
2015-05-0311876 623_130000000000000_MEI_1966623.13/MEI/1966Circulation section  2015-05-03Central Library, BUET 5 Central Library, BUET2015-05-03General Book
2015-05-0311437 623_130000000000000_MEI_1966623.13/MEI/1966Circulation section  2015-05-03Central Library, BUET 6 Central Library, BUET2015-05-03General Book
2015-05-0311879 623_130000000000000_MEI_1966623.13/MEI/1966Circulation section  2015-05-03Central Library, BUET 7 Central Library, BUET2015-05-03General Book
2015-05-0384929 623_130000000000000_MEI_1966623.13/MEI/1966Circulation section  2015-05-03Central Library, BUET 8 Central Library, BUET2015-05-03General Book
2015-05-0715539 623_130000000000000_MEI_1966623.13/MEI/1966Circulation section  2015-05-07Central Library, BUET 9 Central Library, BUET2015-05-07General Book
2015-07-1239251 623_130000000000000_MEI_1966623.13/MEI/1966Circulation section  2015-07-12Central Library, BUET 10 Central Library, BUET2015-07-12General Book